| 000 | 00753nam a2200253Ki 4500 | ||
|---|---|---|---|
| 001 | 23461 | ||
| 003 | GBCCL | ||
| 005 | 20241126110412.0 | ||
| 008 | 790522s1954 ilu 001 0 eng d | ||
| 035 | _a(OCoLC)04988865 | ||
| 040 |
_aCDC _cCDC |
||
| 049 | _aLBBK | ||
| 082 |
_a236.076 _bBRO |
||
| 092 |
_a232.6 _bP965 |
||
| 100 | 1 |
_aBrooks, Keith L. _q(Keith Leroy), _d1888-1954. _91660 |
|
| 245 | 1 | 0 |
_aProphetic questions answered / _cby the editors of Prophecy Monthly ; Keith L. Brooks, editor in chief. |
| 250 | _a3d ed. | ||
| 260 |
_aWheaton, Ill. : _bVan Kampen Press, _c1954. |
||
| 300 |
_a165 p. ; _c20 cm. |
||
| 500 | _aIncludes topical index. | ||
| 650 | 0 |
_aEnd of the world. _92039 |
|
| 710 | 2 | 0 |
_aProphecy monthly. _93963 |
| 942 |
_2ddc _cBK _03 |
||
| 999 |
_c1905 _d1905 |
||